Principles of effective Church administration: (Record no. 3893)

MARC details
000 -LEADER
fixed length control field 00639nam a22001817a 4500
003 - CONTROL NUMBER IDENTIFIER
control field GBCCL
005 - DATE AND TIME OF LATEST TRANSACTION
control field 20241126110506.0
008 - FIXED-LENGTH DATA ELEMENTS--GENERAL INFORMATION
fixed length control field 171215b xxu||||| |||| 00| 0 eng d
040 ## - CATALOGING SOURCE
Transcribing agency gbc
082 ## - DEWEY DECIMAL CLASSIFICATION NUMBER
Classification number 262.0068
Item number RON
100 ## - MAIN ENTRY--PERSONAL NAME
Personal name Rongpi, Solomon
9 (RLIN) 7649
245 ## - TITLE STATEMENT
Title Principles of effective Church administration:
Remainder of title A study of the Karbi Baptist Churches in Karbi Anglong /
Statement of responsibility, etc. Solomon Rongpi
260 ## - PUBLICATION, DISTRIBUTION, ETC.
Place of publication, distribution, etc. Jorhat:
Name of publisher, distributor, etc. Tribal Study Centre, Eastern Theological College,
Date of publication, distribution, etc. 2005
300 ## - PHYSICAL DESCRIPTION
Extent 100 p.;
Other physical details ill.,
Dimensions 23 cm.
440 ## - SERIES STATEMENT/ADDED ENTRY--TITLE
Title Tribal Study Series
Volume/sequential designation 13
9 (RLIN) 7650
650 ## - SUBJECT ADDED ENTRY--TOPICAL TERM
Topical term or geographic name entry element Church administration
Form subdivision Baptist
Geographic subdivision Karbi Anglong
9 (RLIN) 9467
942 ## - ADDED ENTRY ELEMENTS (KOHA)
Source of classification or shelving scheme Dewey Decimal Classification
Koha item type Books
Koha issues (borrowed), all copies 6
Holdings
Withdrawn status Lost status Source of classification or shelving scheme Damaged status Not for loan Home library Current Library Shelving location Date acquired Total checkouts Total renewals Full call number Barcode Date last seen Date last checked out Copy number Price effective from Koha item type
    Dewey Decimal Classification     GRACE BIBLE COLLEGE GRACE BIBLE COLLEGE North East Collection 2017-12-15 8 2 262.0068 RON 001943 2026-02-19 2026-02-18 c.1 2017-12-15 Books
© Grace Bible College Library 2025